000 00613nam a22002057a 4500
005 20251108171002.0
008 250721s9999 xx 000 0 ara d
082 1 4 _aم/956.06/أحم
100 1 _aأمين، أحمد
245 1 0 _aظهر الإسلام /
250 _aط3
264 1 _aبيروت :
_bدار الكتاب العربي،
_c[19-].
300 _a4ج في 2 مج
490 0 _aموسوعة أحمد أمين الأسلامية
650 1 7 _aالإسلام_تاريخ
650 1 7 _aالعباسيون
650 1 7 _aالحضارة الإسلامية
942 _2ddc
_cREF
999 _c53685
_d53685